Chelsea top scorers each season since 2000 - Statistics

General Stats
  • This quiz has been taken 66 times
  • The average score is 20 of 26
Answer Stats
Year Player % Correct
2007 Didier Drogba
100%
2010 Didier Drogba
100%
2005 Frank Lampard
98%
2006 Frank Lampard
98%
2008 Frank Lampard
98%
2012 Frank Lampard
98%
2024 Cole Palmer
91%
2014 Eden Hazard
91%
2018 Eden Hazard
91%
2019 Eden Hazard
91%
2015 Diego Costa
84%
2016 Diego Costa
84%
2017 Diego Costa
84%
2023 Kai Havertz
72%
2009 Nicolas Anelka
72%
2011 Nicolas Anelka
72%
2013 Fernando Torres
66%
2020 Tammy Abraham
64%
2021 Tammy Abraham
64%
2022 Romelu Lukaku
62%
Timo Werner
62%
Raheem Sterling
59%
2001 Jimmy Floyd Hasselbaink
55%
2002 Jimmy Floyd Hasselbaink
55%
2004 Jimmy Floyd Hasselbaink
55%
2003 Gianfranco Zola
3%
No matching quizzes found
Score Distribution
Percent of People with Each Score
Percentile by Number Answered
Your Score History
You have not taken this quiz